KOHA-Header-6

Database Systems A Practical Approach to Design (Record no. 5953)

000 -LEADER
fixed length control field 00388nam a2200157Ia 4500
003 - CONTROL NUMBER IDENTIFIER
control field OSt
005 - DATE AND TIME OF LATEST TRANSACTION
control field 20190918182351.0
008 - FIXED-LENGTH DATA ELEMENTS--GENERAL INFORMATION
fixed length control field 190906s9999||||xx |||||||||||||| ||und||
020 ## - INTERNATIONAL STANDARD BOOK NUMBER
International Standard Book Number 978-0321181053
040 ## - CATALOGING SOURCE
Transcribing agency maju
100 ## - MAIN ENTRY--PERSONAL NAME
Personal name Thomas Connolly
245 #0 - TITLE STATEMENT
Title Database Systems A Practical Approach to Design
260 ## - PUBLICATION, DISTRIBUTION, ETC. (IMPRINT)
Place of publication, distribution, etc USA
Name of publisher, distributor, etc Addison-Wesley
Date of publication, distribution, etc 2001
300 ## - PHYSICAL DESCRIPTION
Extent 1094
942 ## - ADDED ENTRY ELEMENTS (KOHA)
Koha item type Books
Source of classification or shelving scheme
Holdings
Withdrawn status Lost status Source of classification or shelving scheme Damaged status Not for loan Collection code Permanent Location Current Location Shelving location Date acquired Full call number Barcode Date last seen Price effective from Koha item type
          Database Systems MAJU MAJU Shelf No.B19 2019-09-06 005.43 2181 2019-09-06 2019-09-06 Computer Science

Powered by Koha